Decision making in reconstructive surgery : upper extremity /

A new approach to methodical and strategic thinking about tissue reconstruction. All the decision-making processes are broken down into algorithms based on the authors' clinical experience and the current literature. The atlas section describes the 25 most frequently used flaps, and shows them...

Full description

Bibliographic Details
Main Author: Germann, G. (Günter), 1952-
Corporate Author: SpringerLink (Online service)
Other Authors: Sherman, R. (Randolph), Levin, L. Scott
Format: eBook
Language:English
Published: Berlin ; New York : Springer, [2000]
Subjects:
Online Access:Connect to the full text of this electronic book

MARC

Tag First Indicator Second Indicator Subfields
LEADER 00000cam a2200000Ka 4500
001 in00003511713
006 m o d
007 cr bn||||||abp
007 cr bn||||||ada
008 100414s2000 gw a ob 001 0 eng d
005 20260421173611.9
019 |a 608595501  |a 851702855  |a 858929111 
020 |a 9783642595851 (electronic bk.) 
020 |a 3642595855 (electronic bk.) 
020 |z 3540640770 
020 |z 9783540640776 
020 |z 9783642640377 
020 |z 3642640370 
024 7 |a 10.1007/978-3-642-59585-1  |2 doi 
035 |a (OCoLC)607412225  |z (OCoLC)608595501  |z (OCoLC)851702855  |z (OCoLC)858929111 
040 |a OCLCE  |b eng  |c OCLCE  |d OCLCQ  |d AU@  |d OCLCO  |d UV0  |d GW5XE  |d BTCTA  |d UtOrBLW 
042 |a dlr 
049 |a TXAM 
050 4 |a RD557  |b .G43 2000 
060 4 |a 1999 I-654 
060 4 |a WE 805  |b G373d 2000 
072 7 |a RD  |2 lcco 
072 7 |a MNP  |2 bicssc 
072 7 |a MED085030  |2 bisacsh 
082 0 4 |a 617.5/7059  |2 21 
100 1 |a Germann, G.  |q (Günter),  |d 1952- 
245 1 0 |a Decision making in reconstructive surgery :  |b upper extremity /  |c G. Germann, R. Sherman, L.S. Levin ; forewords by W.P. Cooney and G. Foucher. 
264 1 |a Berlin ;  |a New York :  |b Springer,  |c [2000] 
264 4 |c ©2000 
300 |a 1 online resource (xiii, 240 pages) :  |b illustrations (some color) 
336 |a text  |b txt  |2 rdacontent 
337 |a computer  |b c  |2 rdamedia 
338 |a online resource  |b cr  |2 rdacarrier 
504 |a Includes bibliographical references (pages 229-233) and index. 
538 |a Master and use copy. Digital master created according to Benchmark for Faithful Digital Reproductions of Monographs and Serials, Version 1. Digital Library Federation, December 2002.  |u http://purl.oclc.org/DLF/benchrepro0212  |5 MiAaHDL 
583 1 |a digitized  |c 2010  |h HathiTrust Digital Library  |l committed to preserve  |2 pda  |5 MiAaHDL 
588 |a Description based on print version record. 
505 0 |a Introduction/Preface -- Principles -- Injury classifications -- Treatment algorithms -- Rehabilitation protocols -- Clinical examples: How to apply the algorithms -- Atlas section -- Pertinent references. 
520 |a A new approach to methodical and strategic thinking about tissue reconstruction. All the decision-making processes are broken down into algorithms based on the authors' clinical experience and the current literature. The atlas section describes the 25 most frequently used flaps, and shows them in standardised graphic form along with many practical tips and tricks. New here is the inclusion in the illustrations of practical suggestions for the surgeon, as well as rehabilitation protocols for post-operative management. In short, the book provides a maximum of information with a minimum of text. 
500 |a Electronic resource. 
650 0 |a Shoulder  |x Wounds and injuries  |x Surgery. 
650 0 |a Elbow  |x Wounds and injuries  |x Surgery. 
650 0 |a Wrist  |x Wounds and injuries  |x Surgery. 
650 0 |a Surgery, Plastic  |x Decision making. 
650 1 2 |a Arm Injuries  |x surgery. 
650 2 2 |a Algorithms. 
650 2 2 |a Decision Making. 
650 2 2 |a Hand Injuries  |x surgery. 
650 2 2 |a Reconstructive Surgical Procedures. 
655 7 |a Electronic books.  |2 local 
700 1 |a Sherman, R.  |q (Randolph) 
700 1 |a Levin, L. Scott. 
710 2 |a SpringerLink (Online service) 
776 1 8 |i Print version:  |a Germann, G. (Günter), 1952-  |t Decision making in reconstructive surgery.  |d Berlin ; New York : Springer, c2000  |w (DLC) 99036189  |w (OCoLC)41573074 
856 4 0 |u http://proxy.library.tamu.edu/login?url=https://link.springer.com/10.1007/978-3-642-59585-1  |z Connect to the full text of this electronic book  |t 0 
994 |a 92  |b TXA 
999 |a MARS 
999 f f |s 87ec6b18-c407-3b4d-918a-3a88b83250f3  |i 6facb074-6e6f-36ba-b03c-aa6c146b8feb  |t 0 
952 f f |a Texas A&M University  |b College Station  |c Electronic Resources  |s www_evans  |d Available Online  |t 0  |e RD557 .G43 2000  |h Library of Congress classification 
998 f f |a RD557 .G43 2000  |t 0  |l Available Online